|
|
|
|
| LEADER |
00000cam a2200000 4500 |
| 001 |
vtls012076757 |
| 003 |
SK-MaSNL |
| 005 |
20260426010658.0 |
| 008 |
211109s2021 xo frn 000 0 slo |
| 015 |
|
|
|a SNBA2022/02
|
| 020 |
|
|
|a 9788055527468
|q (viazané)
|
| 040 |
|
|
|a SNK
|b slo
|c SNK
|e rda
|
| 041 |
0 |
|
|a slo
|b eng
|
| 043 |
|
|
|a e-xo---
|
| 044 |
|
|
|a xo
|c SK
|
| 072 |
|
7 |
|a 2-1
|x Prirodzená teológia. Náboženská filozofia
|2 konspekt
|
| 072 |
|
7 |
|a 378
|x Vysoké školy
|2 konspekt
|
| 080 |
|
|
|a 2-1-051
|2 2011
|
| 080 |
|
|
|a 37.091.3
|2 2011
|
| 080 |
|
|
|a 378.096:2-1
|2 2011
|
| 080 |
|
|
|a 378-057.8
|2 2011
|
| 080 |
|
|
|a (437.6)
|2 2011
|
| 080 |
|
|
|a (048.8)
|2 2011
|
| 245 |
0 |
0 |
|a Vybrané kapitoly ďalšieho vzdelávania absolventov teologických fakúlt na Slovensku
|c Peter Šturák (ed.)
|
| 250 |
|
|
|a Vydanie prvé
|
| 264 |
|
1 |
|a Prešov
|b Vydavateľstvo Prešovskej univerzity
|c 2021
|
| 300 |
|
|
|a 159 strán
|c 24 cm
|
| 336 |
|
|
|a text
|b txt
|2 rdacontent
|
| 337 |
|
|
|a bez média
|b n
|2 rdamedia
|
| 338 |
|
|
|a zväzok
|b nc
|2 rdacarrier
|
| 500 |
|
|
|a Obsahuje adresár autorov
|
| 504 |
|
|
|a Obsahuje bibliografické odkazy
|
| 546 |
|
|
|a Abstrakt a kľúčová slová anglicky
|
| 650 |
0 |
7 |
|a teológovia
|2 SNKPH
|9 1962
|
| 650 |
0 |
7 |
|a štúdium a výučba
|2 SNKPH
|9 3982
|
| 650 |
0 |
7 |
|a teologické fakulty
|2 SNKPH
|9 100413
|
| 650 |
0 |
7 |
|a absolventi vysokých škôl
|2 SNKPH
|9 2784
|
| 650 |
0 |
7 |
|a Theologians
|2 SNKPHeng
|9 333184
|
| 650 |
0 |
7 |
|a Study and teaching
|2 SNKPHeng
|9 265408
|
| 650 |
0 |
7 |
|a Faculties of theology
|2 SNKPHeng
|9 275974
|
| 651 |
|
7 |
|a Slovensko
|2 SNKPHgeo
|9 14231
|
| 651 |
|
7 |
|a Slovakia
|2 SNKPHeng
|9 92630
|
| 655 |
|
7 |
|a prehľady
|2 SNKPH
|9 70194
|
| 655 |
|
7 |
|a Surveys
|2 SNKPHeng
|9 266058
|
| 700 |
1 |
|
|a Šturák, Peter,
|d 1964-2025
|4 edt
|4 com
|9 258382
|
| 710 |
2 |
|
|a Prešovská univerzita v Prešove.
|b Gréckokatolícka teologická fakulta
|4 pbl
|9 177605
|
| 919 |
|
|
|a 978-80-555-2746-8
|
| 958 |
|
|
|a NB
|
| 999 |
|
|
|c 1041421
|d 1043351
|
| 952 |
|
|
|a SNK
|b SNK
|y PREZ
|7 0
|p 17A1468577
|o snkSC 195242
|i snk2021/17697
|8 0
|0 0
|1 0
|4 0
|d 2021-11-09
|f 1
|l 0
|r 2025-10-15 00:00:00
|w 2026-02-24
|
| 952 |
|
|
|a SNK
|b SNK
|y VYP
|7 0
|p 17A1468578
|o snkSC 195242 D1
|i snk2021/17698
|8 0
|0 0
|1 0
|4 0
|d 2021-11-09
|l 0
|r 2026-02-24 14:24:26
|w 2026-02-24
|